L'ordre des Call of duty - Statistiques

Statistiques générales
  • Ce quiz a été pris 215 fois
  • Le résultat moyen est 13 sur 23
Statistiques - réponses
Dates de sortie ventes Jeux % Correct
2003 5,9 millions Call of Duty
100%
2005 6,24 millions Call of Duty 2
82%
2010 31 millions Call of Duty: Black Ops
79%
2012 29,6 millions Call of Duty: Black Ops 2
76%
2019 30 millions Call of Duty: Modern Warfare
76%
2015 26 millions Call of Duty: Black Ops 3
73%
2018 14,30 millions Call of Duty: Black Ops 4
70%
2009 25 millions Call of Duty: Modern Warfare 2
67%
2022 Pas d'info Call of Duty: Modern Warfare 2
67%
2011 30,5 millions Call of Duty: Modern Warfare 3
65%
2023 Pas d'info Call of Duty: Modern Warfare 3
65%
2024 Pas d'info Call of Duty: Black Ops 6
59%
2014 21,78 millions Call of Duty: Advanced Warfare
58%
2020 Free Call of Duty: Warzone
53%
2008 19,8 millions Call of Duty: World at War
53%
2013 19,79 millions Call of Duty: Ghosts
47%
2016 13,42 millions Call of Duty: Infinite Warfare
46%
2020 23,78 millions Call of Duty: Black Ops Cold War
44%
2021 30 millions Call of Duty: Vanguard
42%
2017 19,31 millions Call of Duty: WW2
40%
2007 20 millions Call of Duty 4: Modern Warfare
30%
2006 7,2 millions Call of Duty 3: En marche vers Paris
20%
2022 Free Call of Duty: Warzone 2.0
7%
Aucun quiz correspondant
Distribution des résultats
% des personnes avec chaque résultat
Percentile par nombre de réponses
Votre historique - résultats
Vous n’avez pas pris ce quiz